000 00557nam a2200181Ia 4500
005 20250317130249.0
008 008 250317s9999 xx 000 0 eng d
037 _aTextbook
040 _aFMSL
_beng
_cFMSL
041 _aeng
_2eng
084 _aX8(J):545.44 M8
_qFMSL
100 _aDA Costa G C
_9241314
245 0 _aExports of agricultural commodities from India
260 _aDelhi
_bDelhi, Himalaya Pub. House
_c1988
300 _a170p
942 _cTB
_hX8(J):545.44 M8
999 _c1263025
_d1263025